Statistiques concernant TOP 15 des footballeurs les plus violents.

Cliquez ici pour prendre le quiz!

Statistiques générales

  • Ce quiz a été pris 153 fois
  • Le résultat moyen est 4 sur 15

Statistiques - réponses

Particularitésréponses% Correct
International portugais actuellement à Porto et passé par le Real Madrid, je suis connu pour ma grande violence.Pépé
95%
J'ai mis un coup de pied à un supporter de Crystal Palace ce qui m'a valu 2 semaines de prison et 9 mois de suspension.Eric Cantona
69%
Capitaine rageur de Manchester United durant des annéesRoy Keane
52%
Sortie spectaluraire lors de la CDM 1982 sur BattistonHarald Schumacher
35%
je suis connu pour avoir écrasé un cigare dans l'oeil, j'ai aussi des talents de boxeurs, je suis le joueur le plus violent du mondeJoey Barton
31%
Ancien joueur de Marseille notamment connu pour mes tacles de bûcherons.Eric Di Meco / Meco
24%
Je suis spécialiste des coups bas, je suis grognard,et capitaine emblématique du PSVMarc van Bommel / Bommel
20%
j'ai mis un coup de tete a l'entraineur adjoint de Tottenham Joe Jordan en 2011Gennaro Gattuso
17%
on me surnomme " la tondeuse "Nigel de Jong / De Jong / Jong
17%
je suis surnommé " the AXE"Vinne Jones
11%
Je suis surnommé "l'antéchrist"Cyril Rool
5%
on me surnomme " Khalid der Kannibale"Khalid Boulahrouz
5%
Ecossais tout sec, agressif avec une moustacheGraeme Souness
4%
on me surnomme " Matrix "Marco Materazzi
3%
on me surnomme " Le boucher de Bilbao"Andoni Goicoechea
1%

Distribution des résultats

Percentile par nombre de réponses

% des personnes avec chaque résultat

Votre développement - résultats

Vous n’avez pas pris ce quiz